| 000 | 00908 a2200241 4500 | ||
|---|---|---|---|
| 003 | Nust | ||
| 005 | 20170207154014.0 | ||
| 020 | _a0-7506-5199-7 (pbk.) | ||
| 040 | _cNust | ||
| 082 | _a621.38928 | ||
| 082 | _a621.38928 | ||
| 100 | 1 | _aBrookes, Paul | |
| 245 | 0 | 0 |
_aElectronic surveillance devices-(E-BOOK) _cPaul Brookes |
| 250 | _a2. ed. | ||
| 260 |
_aOxford : _bNewnes, _c2001 |
||
| 300 | _a146 s. | ||
| 500 | _aPrevious ed.: Oxford : Butterworth-Heinemann, 1996 | ||
| 505 | _a1 Why use electronic surveillance? 1- 2 Types of devices 7- 3 Room transmitters 51- 4 Telephone transmitters 71- 5 Switching devices 82- 6 Video devices 95- 7 Countermeasures 107- 8 Receiving equipment 127- 9 Self-bugging 136 | ||
| 650 | 7 | _aElectronic monitoring of parolees and probationers | |
| 650 | 7 |
_aElectronic surveillance _xEquipment and supplies |
|
| 650 | 7 | _aElektroniska komponenter | |
| 650 | 7 | _aIntensiv?vakning | |
| 942 |
_2ddc _cBK |
||
| 999 |
_c191356 _d191356 |
||